000 00490nam a2200181Ia 4500
005 20250508151917.0
008 008 250505s9999 xx 000 0 eng d
037 _aTextual
040 _aFEDL
_beng
_cFEDL
041 _aeng
_2eng
084 _a504, CRO
_qFEDL
100 _aCrowther J G
_948692
245 0 _aScience unfolds the future
260 _aLondon, UK
_bFrederick Muller Limited
_c1955
300 _a255p.
942 _cTEXL
_h504, CRO
999 _c1332892
_d1332892